000
00272nam a22001097a 4500
999
_c
532620
_d
532620
082
_a
A3 Se75 (H)
100
_a
Sethi, Keval Krishna
_9
59154
245
_a
Shikar aur Shikari
_c
by Keval Krishna Sethi
260
_a
Bhopal
_b
Kevisa
300
_a
126p.
650
_a
Fiction
_9
59155